Une lettre suffit pour répondre juste #41 (attention 10 lettres tuent) - Statistiques

Statistiques générales
  • Ce quiz a été pris 44 fois
  • Le résultat moyen est 3 sur 6
Statistiques - réponses
Hint Réponse % Correct
Donne une des 5 lettres qui complète les paroles de la chanson "Avec le temps" de Léo Ferré : Avec le temps Avec le temps, va, tout s'en va On oublie les passions et l'on oublie les voix Qui vous disaient tout bas les mots des pauvres gens Ne rentre pas trop tard, surtout ne prends pas ????? FROID
100%
Donne une des 4 lettres qui complète le nom de cette comédie américaine réalisée par Jake Kasdan, sortie en 2014 avec Cameron Diaz : SEX _ _ _ _
TAPE
83%
Donne une des 3 lettres du sigle du langage de base de données relationnel qui permet d'extraire un ensemble d'enregistrements de tables de données avec des critères de sélection, de tri et de calcul, ou de mettre à jour, de supprimer ou d'ajouter de nouveaux enregistrements SQL
31%
Donne une des 2 lettres qui complète le nom du projet de la CIA entre 1953 et 1972 visant à développer des techniques de contrôle et de programmation de l'esprit : Projet ??-Ultra MK
17%
Donne la lettre qui complète le nom du pesticide dont l'ingrédient actif est l'acide cyanhydrique, utilisé (d'après une majorité d'historien) par les nazis dans des chambres à gaz des centres d'extermination : Zyklon ? B
14%
Donne la lettre qui complète le nom de la franchise d'émission de télévision internationale dans la lignée de Pop Idol (Nouvelle Star en France) : The ? Factor
X
11%
Aucun quiz correspondant
Distribution des résultats
% des personnes avec chaque résultat
Percentile par nombre de réponses
Votre historique - résultats
Vous n’avez pas pris ce quiz